000 01289nam a2200313 c 4500
003 BLK
005 20240918152108.0
008 180409b bul|||||r ||||||| ||bul||
010 _aKNG00106834000
040 _aBLK
041 _aBUL
_cBUL
080 _aАмериканска литература (на САЩ)
_b821.111(73)
_x-31
_z821.111(73)-31
100 1 _aГарднър, Ърл Стенли
_eпърви автор
_9261792
700 1 _aВенкова-Радева, Милена
_eпрев. от англ.
_9308934
139 _aГарднър, Ърл Стенли
_bГ 23
245 1 0 _aПери Мейсън и русото момиче
_cЪрл Стенли Гарднър; прев. от англ. Милена Венкова-Радева.
245 1 0 _aСлучаят с палтото от визон
_bРомани
_c
257 _aUSA
260 София
_bНар. култура
_c1990
300 _a392 с.
_c20 см
380 _aX
500 _aОриг. загл. The Case of Black-Eyed Blonde ; The Case of the Math-Eaten Mink / Erle Stanley Gardner
852 _aЦб 161351
856 4 _qpdf
_u
856 4 _qpdf
_u
942 _cKNG
_n0
_012
944 _aCR
_c30.06.2003
_k30530
_lМинев Младен
944 _aED
_c15.03.2010
_k
999 _c101778
_d101778